00561 2200217 4500001002100000005001500021035002000036245005200056100001700108250000600125300002900131260004500160082001400205084002000219020001800239008004100257650002000298990000800318990000800326990000900334INLIS00000000000020520240903095721 a0010-03190000221 aWarrior :bSepatu Untuk Sahabat /cArie Saptaji0 aArie Saptaji a1 a186 hlm :bilus ;c20 cm aJakarta :bGramedia Pustaka Utama,c2007 a899.221'3 a899.221'3 ARI w a979-22-3426-8240903 0  4aFiksi Indonesia a595 a596 a0013